000 00270nam a2200109Ia 4500
008 190216s9999||||xx |||||||||||||| ||und||
100 _aMuhamed Koya C H
245 0 _aNjaan Kanda Maleshya
260 _bGreen House
650 _aTravalogues-Yathra Vivaranam
942 _cBK
999 _c24604
_d24604